| 000 | 00764nam a22002175i 4500 | ||
|---|---|---|---|
| 001 | 164221 | ||
| 003 | ES-MaACL | ||
| 005 | 20230906212909.0 | ||
| 008 | 050727m18741875fr | |||||||| ||fre d | ||
| 040 |
_aCAM _bspa _cCAM |
||
| 100 | 0 |
_aRutebeuf. _9132207 |
|
| 245 | 1 | 0 |
_aOeuvres complètes de Rutebeuf, trouvère du XIIIe siècle / _crecueillies et mises au jour pour la première fois par Achille Jubinal. |
| 250 | _aNouvelle éd. rev. et corr. | ||
| 260 |
_aParis : _bPaul Daffis, éditeur, _c1874-1875 ( _fImprimerie Alcan-Lévy) |
||
| 300 |
_a3 v. ; _c17 cm. |
||
| 650 | 7 |
_9167923 _aPoesías medievales |
|
| 700 | 1 |
_aJubinal, Achille, _967177 |
|
| 852 |
_aES-MaACL _jG-2341-43 _z-- Enc. tela |
||
| 942 |
_2udc _cMONANT |
||
| 999 |
_c164221 _d164221 |
||